Central Library OPAC University of Rajshahi

Chemical process industries / (Record no. 16250)

MARC details
000 -LEADER
fixed length control field 00834nam a2200265 i 4500
001 - CONTROL NUMBER
control field 16250
003 - CONTROL NUMBER IDENTIFIER
rucl marc code BD-RjUL
005 - DATE AND TIME OF LATEST TRANSACTION
control field 20211209000002.0
008 - FIXED-LENGTH DATA ELEMENTS--GENERAL INFORMATION
fixed length control field 140213s1977 nyua b 001 0 eng
020 ## - INTERNATIONAL STANDARD BOOK NUMBER
International Standard Book Number 0070571457 :
035 ## - SYSTEM CONTROL NUMBER
System control number (BD-RjUL)16305
040 ## - CATALOGING SOURCE
Original cataloging agency DLC
Transcribing agency DLC
Modifying agency DLC
-- BD-RjUL
Language of cataloging eng
041 ## - LANGUAGE CODE
Language code of text/sound track or separate title eng
082 00 - DEWEY DECIMAL CLASSIFICATION NUMBER
Classification number 660.2
Author mark and year SHC 1977
100 1# - MAIN ENTRY--PERSONAL NAME
Personal name Shreve, Randolph Norris
Dates associated with a name 1885-1975.
9 (RLIN) 50258
245 10 - TITLE STATEMENT
Title Chemical process industries /
Statement of responsibility, etc. R. Norris Shreve, Joseph A. Brink, Jr.
250 ## - EDITION STATEMENT
Edition statement 4th ed.
260 ## - PUBLICATION, DISTRIBUTION, ETC. (IMPRINT)
Place of publication, distribution, etc. New York :
Name of publisher, distributor, etc. McGraw-Hill,
Date of publication, distribution, etc. c1977.
300 ## - PHYSICAL DESCRIPTION
Pagination xiii, 814 p. :
Illustrations ill. :
Size 25 cm.
504 ## - BIBLIOGRAPHY, ETC. NOTE
Bibliography, etc Includes bibliographies and index.
650 #0 - SUBJECT ADDED ENTRY--TOPICAL TERM
Topical term or geographic name as entry element Chemistry, Technical.
9 (RLIN) 50259
700 1# - ADDED ENTRY--PERSONAL NAME
Personal name Brink, Joseph A.
Fuller form of name (Joseph Andrew),
Dates associated with a name 1925-1979,
Relator term joint author.
942 ## - ADDED ENTRY ELEMENTS (KOHA)
Source of classification or shelving scheme Dewey Decimal Classification
Koha item type Books
Holdings
Lost status Source of classification or shelving scheme Damaged status Not for loan Collection code Permanent Location Current Location Shelving location Date acquired Source of acquisition Cost, normal purchase price Total Checkouts Full call number Date last seen Date checked out Copy number Koha item type
  Dewey Decimal Classification     Non-fiction Central Library, University of Rajshahi Central Library, University of Rajshahi   13/03/1983 Aligarh Library, Rajshahi 278.60 4 660.2 SHC 1977 30/10/2019 13/10/2019 C-12 Books
  Dewey Decimal Classification   Not For Loan Non-fiction Central Library, University of Rajshahi Central Library, University of Rajshahi Reading Room 30/06/1981 Euraka, Rajshahi 446.00   660.2 SHC 1977 29/11/2015   C-1 Books
  Dewey Decimal Classification     Non-fiction Central Library, University of Rajshahi Central Library, University of Rajshahi   30/06/1981 Euraka, Rajshahi 446.00 1 660.2 SHC 1977 23/12/2021 17/12/2021 C-2 Books
  Dewey Decimal Classification     Non-fiction Central Library, University of Rajshahi Central Library, University of Rajshahi   30/06/1981 Aligarh Lib. Rajshahi 238.80 3 660.2 SHC 1977 24/02/2016 11/02/2016 C-3 Books
  Dewey Decimal Classification     Non-fiction Central Library, University of Rajshahi Central Library, University of Rajshahi   30/06/1981 Eurek book, Rajshahi 246.00   660.2 SHC 1977 29/11/2015   C-4 Books
  Dewey Decimal Classification     Non-fiction Central Library, University of Rajshahi Central Library, University of Rajshahi   13/03/1983 Aligarh Library, Rajshahi 278.60 1 660.2 SHC 1977 28/12/2015 10/12/2015 C-5 Books
  Dewey Decimal Classification     Non-fiction Central Library, University of Rajshahi Central Library, University of Rajshahi   30/06/1981 Eureka 246.00   660.2 SHC 1977 03/04/2017   C-6 Books
  Dewey Decimal Classification     Non-fiction Central Library, University of Rajshahi Central Library, University of Rajshahi   13/03/1963 Aligar Library, Rajshahi 278.60   660.2 SHC 1977 11/11/2019   C-7 Books